| 000 | 00918 a2200265 4500 | ||
|---|---|---|---|
| 003 | OSt | ||
| 005 | 20180116182703.0 | ||
| 008 | 170825b xxu||||| |||| 00| 0 eng d | ||
| 020 | _a8120714857 | ||
| 020 | _a9788120714854 | ||
| 022 | _28120714857 | ||
| 040 | _c0 | ||
| 082 | _a423.1 VER 1998 | ||
| 100 | 1 | _aVerma, I.B. | |
| 245 | 1 | 0 |
_aEncyclopaedia of Abbreviations _cI.B. Verma. |
| 250 | _a1st ed. | ||
| 260 |
_a[S.l.] : _bSouth Asia Books, _c1998. |
||
| 300 |
_a545 p. _bHB |
||
| 440 | _aEncyclopaedia of Abbreviations | ||
| 500 | _aHardcover. | ||
| 520 | _aThis Encyclopaedia is a comprehensive and indepensable work of reference, providing definitions and examples. | ||
| 856 | 4 | 0 |
_3Amazon.com _uhttp://www.amazon.com/exec/obidos/ASIN/8120714857/chopaconline-20 |
| 856 | 4 | 0 |
_3Amazon customer reviews _uhttp://www.chopac.org/cgi-bin/tools/azrev.pl?q=8120714857 |
| 942 |
_aNBS _cBK _k413.1 VER 1998 _2ddc |
||
| 999 |
_c344080 _d344080 |
||